000 00442nam a2200169 a 4500
005 20140310183149.0
008 030130s19uu xx 00 eng d
050 _aD 20
_b.Qu6 1990
100 _aQuiason, Serafin
245 _aKasaysayan ng Asya /
_cSerafin D. Quiason.
260 _aQuezon City ;
_bPhoenix,
_c1990.
300 _a466 p. :
_c25 cm.
521 _aEDU
650 _aAsia
_xHistory
942 _cBK
_2lcc
_kLOC
999 _c19629
_d19629